[Event "Poronin Tatra Limba op"]
[Site "Poronin"]
[Date "2021.05.25"]
[Round "5"]
[White "Goraj, Barbara"]
[Black "Daniel, Damian"]
[Result "1-0"]
[WhiteElo "2100"]
[BlackElo "2186"]
[PlyCount "111"]
[EventDate "2021.05.22"]
[EventType "swiss"]
[EventRounds "9"]
[EventCountry "POL"]
[SourceTitle "EXT 2022"]
[Source "ChessBase"]
[SourceDate "2021.10.06"]
[SourceVersion "1"]
[SourceVersionDate "2021.10.06"]
[SourceQuality "1"]

1. e4 c5 2. Nf3 e6 3. d4 cxd4 4. Nxd4 Nc6 5. Nb5 d6 6. c4 Nf6 7. N1c3 a6 8. Na3 Be7 9. Be2 0-0 10. 0-0 Qc7 11. Be3 b6 12. Rc1 Ne5 13. f3 Re8 14. Kh1 Ned7 15. Qd2 Bb7 16. Rfd1 Rac8 17. Bf1 Qb8 18. Bg1 Qa8 19. Na4 Rc6 20. Nc2 Nc5 21. Nc3 Ncd7 22. b3 Bf8 23. Nd4 Rcc8 24. Na4 d5 25. e5 Nh5 26. cxd5 Bxd5 27. Qg5 g6 28. Nc3 Ng7 29. Nxd5 Rxc1 30. Qxc1 exd5 31. f4 Nc5 32. Be2 Ne4 33. Qe3 Bc5 34. Qd3 Qd8 35. Nf3 Nf5 36. g3 Qe7 37. Kg2 Rd8 38. Nd4 Nxd4 39. Bxd4 h5 40. Bf3 Bxd4 41. Qxd4 Rc8 42. Bxe4 dxe4 43. Qxe4 Qc5 44. Rd2 Kf8 45. Rf2 Ke7 46. Rd2 Rc7 47. Qd3 Qc6+ 48. Kf2 Ke6 49. h3 Qc5+ 50. Ke2 Qc6 51. Kf2 Qc5+ 52. Kf3 Qc6+ 53. Qe4 Qc1 54. Qd5+ Kf5 55. g4+ hxg4+ 56. hxg4# 1-0

[Event "Titled Tuesday intern op 04th May"]
[Site "Chess.com INT"]
[Date "2021.05.04"]
[Round "3"]
[White "Daniel, Damian"]
[Black "Nouri, Alekhine"]
[Result "1/2-1/2"]
[WhiteElo "2186"]
[BlackElo "2291"]
[PlyCount "176"]
[EventDate "2021.05.04"]
[EventType "swiss (blitz)"]
[EventRounds "11"]
[EventCountry "USA"]
[SourceTitle "CBM 202 Extra"]
[Source "ChessBase"]
[SourceDate "2021.07.31"]
[SourceVersion "1"]
[SourceVersionDate "2021.07.31"]
[SourceQuality "1"]

1. d4 Nf6 2. c4 c5 3. d5 b5 4. Qc2 e6 5. e4 Bd6 6. Nf3 Qc7 7. Nc3 a6 8. Be2 exd5 9. cxd5 b4 10. Nd1 0-0 11. Bg5 Ng4 12. h3 Ne5 13. 0-0 Nxf3+ 14. Bxf3 Be5 15. Rc1 d6 16. Ne3 Nd7 17. Nc4 a5 18. Bg4 f6 19. Be3 Ba6 20. Bxd7 Qxd7 21. Nb6 Qa7 22. Nxa8 Bxf1 23. Kxf1 Rxa8 24. f4 Bd4 25. Bxd4 cxd4 26. Qd3 a4 27. Rc4 b3 28. a3 Qb6 29. Qxd4 Qxd4 30. Rxd4 Rc8 31. Rxa4 Rc2 32. Rb4 Rxb2 33. Rb7 h5 34. a4 Ra2 35. Rxb3 Rxa4 36. Re3 f5 37. e5 Rxf4+ 38. Ke2 dxe5 39. Rxe5 g6 40. Re7 Rd4 41. Rd7 f4 42. Kf3 g5 43. d6 Kh8 44. Kf2 g4 45. hxg4 hxg4 46. Ke2 Kg8 47. Kf2 Rd2+ 48. Kf1 Rd5 49. Kf2 Kf8 50. Kf1 Rd2 51. Kg1 g3 52. Kf1 Ke8 53. Re7+ Kd8 54. Rf7 Rf2+ 55. Ke1 Ke8 56. Re7+ Kd8 57. Rf7 Rxg2 58. Rxf4 Ra2 59. Rg4 Kd7 60. Rxg3 Kxd6 61. Rd3+ Ke5 62. Rd2 Ra3 63. Ke2 Ke4 64. Rc2 Rh3 65. Rd2 Rh2+ 66. Kd1 Rh1+ 67. Kc2 Ke3 68. Rd3+ Ke2 69. Rd2+ Ke3 70. Rd3+ Ke4 71. Rd2 Rh8 72. Re2+ Kf3 73. Rd2 Rc8+ 74. Kb2 Ke3 75. Rc2 Rb8+ 76. Kc1 Kd3 77. Rd2+ Ke4 78. Rc2 Rg8 79. Kd2 Rg2+ 80. Kc3 Rg3+ 81. Kb2 Kd4 82. Rd2+ Kc4 83. Rc2+ Kb4 84. Rf2 Rb3+ 85. Kc2 Re3 86. Rf4+ Kc5 87. Kd2 Rh3 88. Rf2 Kd4 1/2-1/2

[Event "Titled Tuesday intern op 04th May"]
[Site "Chess.com INT"]
[Date "2021.05.04"]
[Round "2"]
[White "Daniel, Damian"]
[Black "Rios Parra, Alejandro"]
[Result "1-0"]
[WhiteElo "2186"]
[BlackElo "2247"]
[PlyCount "39"]
[EventDate "2021.05.04"]
[EventType "swiss (blitz)"]
[EventRounds "11"]
[EventCountry "USA"]
[SourceTitle "CBM 202 Extra"]
[Source "ChessBase"]
[SourceDate "2021.07.31"]
[SourceVersion "1"]
[SourceVersionDate "2021.07.31"]
[SourceQuality "1"]

1. d4 Nf6 2. c4 e6 3. g3 c5 4. d5 exd5 5. cxd5 d6 6. Nc3 g6 7. Bg2 Bg7 8. Nf3 0-0 9. 0-0 a6 10. a4 Nbd7 11. Bf4 Qc7 12. Qd2 Rb8 13. Rac1 Re8 14. b4 Nh5 15. Be3 b6 16. a5 Rxe3 17. Qxe3 bxa5 18. bxc5 Nxc5 19. Ne4 Rb5 20. Nd4 1-0

[Event "Titled Tuesday intern op 04th May"]
[Site "Chess.com INT"]
[Date "2021.05.04"]
[Round "8"]
[White "Daniel, Damian"]
[Black "Shkapenko, Pavel"]
[Result "0-1"]
[WhiteElo "2186"]
[BlackElo "2424"]
[PlyCount "98"]
[EventDate "2021.05.04"]
[EventType "swiss (blitz)"]
[EventRounds "11"]
[EventCountry "USA"]
[SourceTitle "CBM 202 Extra"]
[Source "ChessBase"]
[SourceDate "2021.07.31"]
[SourceVersion "1"]
[SourceVersionDate "2021.07.31"]
[SourceQuality "1"]

1. d4 Nf6 2. c4 e6 3. g3 Bb4+ 4. Nd2 d5 5. Bg2 0-0 6. Ngf3 b6 7. cxd5 exd5 8. 0-0 Bb7 9. a3 Bd6 10. b4 Nbd7 11. Bb2 Re8 12. e3 Qe7 13. Qb3 Ne4 14. Nxe4 dxe4 15. Nd2 Nf6 16. Nc4 Bd5 17. Qc2 Qe6 18. Nxd6 cxd6 19. Rfc1 Rec8 20. Qd2 h5 21. Bf1 h4 22. b5 Nh7 23. Rxc8+ Rxc8 24. Rc1 Ng5 25. Rxc8+ Qxc8 26. Qc3 Qf5 27. Qc7 Nf3+ 28. Kh1 hxg3 29. fxg3 Ne1 30. Qd8+ Kh7 31. Qh4+ Kg6 32. Be2 Nd3 33. Bc3 f6 34. Bd2 Kf7 35. Qh5+ Qxh5 36. Bxh5+ g6 37. Be2 Nb2 38. Kg2 Bc4 39. Kf2 Bxe2 40. Kxe2 Ke6 41. Bb4 Nc4 42. Kf2 Nb2 43. h4 Nd3+ 44. Ke2 Nxb4 45. axb4 Kf5 46. Kf2 Kg4 47. Kg2 d5 48. Kf2 Kh3 49. Ke2 Kxg3 0-1